Music Quiz

Random Music or Kpop Quiz

Kpop: BTS English Lyrics Pt. 1 (No More Dream to Fire) Quiz Stats

 Plays Quiz not verified by Sporcle

Score 0/300 Timer 15:00
0 Plays Today
Hint Answer % Correct
No More DreamI
98%
No More DreamI
98%
No More DreamI
98%
We are Bulletproof pt. 2I
98%
We are Bulletproof pt. 2I
98%
We are Bulletproof pt. 2I
98%
Boy In LuvI
97.9%
Just One DayI
97.9%
War of HormoneI
97.9%
I Need UI
97.9%
I Need UI
97.9%
I Need UI
97.9%
DopeI
97.9%
DopeI
97.9%
DopeI
97.9%
DopeI
97.9%
DopeI
97.9%
FireI
97.9%
No More Dreama
96.4%
Dangera
96.4%
War of Hormonea
96.4%
War of Hormonea
96.4%
War of Hormonea
96.4%
Dopea
96.4%
Dopea
96.4%
Runa
96.4%
I Need Uu
95.9%
I Need Uu
95.9%
Just One DayYo
93.9%
N.O.NO!
93.3%
No More Dreamyou
91.4%
Boy In Luvyou
91.4%
Just One Dayyou
91.4%
DangerYou
91.4%
War of Hormoneyou you you you
91.4%
War of Hormoneyou
91.4%
War of Hormoneyou
91.4%
RunYou
91.4%
No More Dreamsay
90.3%
N.O.say
90.3%
Boy In LuvSay
90.3%
Dopesay
90.3%
DopeSay
90.3%
Firesay
90.3%
We are Bulletproof pt. 2We
90.2%
We are Bulletproof pt. 2We
90.2%
We are Bulletproof pt. 2We
90.2%
N.O.We
90.2%
Dopewe
90.2%
We are Bulletproof pt. 2do
88.6%
We are Bulletproof pt. 2do
88.6%
Just One DayDo
88.6%
Boy In Luvgirl
87.7%
Just One Daygirl
87.7%
War of Hormonegirl
87.7%
War of Hormonegirl
87.7%
War of Hormonegirl
87.7%
I Need Ugirl
87.7%
No More Dreamand
86.2%
We are Bulletproof pt. 2and
86.2%
War of HormoneAnd
86.2%
Dopeand
86.2%
Just One Dayma
85.6%
We are Bulletproof pt. 2go
84.3%
We are Bulletproof pt. 2go
84.3%
Just One Daygo
84.3%
War of Hormonego
84.3%
I Need Ugo
84.3%
Dopego
84.3%
No More Dreamme
84.2%
Just One Dayme?
84.2%
War of Hormoneme
84.2%
Runme
84.2%
Runme
84.2%
We are Bulletproof pt. 2it
84.1%
We are Bulletproof pt. 2it
84.1%
Just One Dayit
84.1%
War of Hormoneit
84.1%
War of Hormoneit
84.1%
I Need UIt
84.1%
Dopeit
84.1%
Dopeit
84.1%
Fireit
84.1%
Fireit
84.1%
Boy In Luvwant
83.9%
War of Hormonewant
83.9%
FireErrbody
83.9%
We are Bulletproof pt. 2What
83.5%
N.O.what?
83.5%
Boy In Luvwhat
83.5%
War of Hormonewhat?
83.5%
War of Hormonewhat
83.5%
Dopewhat
83.5%
Firewhat
83.5%
I Need Uneed
83.3%
We are Bulletproof pt. 2are
83.2%
No More Dreambig
83%
No More Dreambig
83%
No More Dreambig
83%
No More Dreambig
83%
Hint Answer % Correct
N.O.In
82.6%
Dangerin
82.6%
War of Hormonein
82.6%
Firein
82.6%
N.O.Everybody
82.5%
No More Dreamdun
81.8%
Dopefire
81.6%
Dopefire
81.6%
FireFiiiirrreeee~
81.6%
No More Dreamrings
80%
No More Dreamhouse,
79.8%
No More Dreamcars
79.8%
Dopedon't
79.2%
RunDon't
79.2%
We are Bulletproof pt. 2bulletproof
79%
We are Bulletproof pt. 2my
78.5%
I Need Umy
78.5%
Firemy
78.5%
No More Dreamwanna
78.4%
Dopewanna
78.4%
Boy In Luvup
77.9%
Fireup
77.9%
Fireup
77.9%
Fireup
77.9%
We are Bulletproof pt. 2just
76.8%
No More DreamTo
76.3%
N.O.To
76.3%
War of Hormoneto
76.3%
Just One DayJust
76.1%
No More Dreamdreams
75%
No More Dreamdreams
75%
We are Bulletproof pt. 2like
74.7%
Just One Daylike
74.7%
War of Hormonelike
74.7%
Firelike
74.7%
Dangerdanger
74.6%
DangerLove
74.1%
Dangerlove
74.1%
RunLove
74.1%
RunRun run run
73.9%
No More Dreamday
72.9%
Just One Dayday
72.9%
Boy In Luvgot
72%
Dopegot
72%
Dopegot
72%
War of HormoneTell
71.9%
Runtell
71.9%
Just One Dayone
71.4%
Just One Dayone
71.4%
We are Bulletproof pt. 2Everything
70.7%
I Need Ueverything
70.7%
I Need Ueverything
70.7%
We are Bulletproof pt. 2I'm
70.6%
Just One DayI'm
70.6%
DangerI'm
70.6%
DangerI'm
70.6%
War of HormoneI'm
70.6%
War of HormoneI'm
70.6%
N.O.Make
70%
Dopemake
70%
Dopemake
70%
Runmake
70%
War of Hormoneso
68.2%
DopeSo
68.2%
Fireso
68.2%
No More Dreamhave
67.7%
No More Dreamboy
67.2%
War of Hormoneboy
67.2%
Dopeladies
66.4%
War of Hormoneright
66.1%
War of Hormoneright
66.1%
Fireroom
65.7%
War of Hormonenow
65.6%
War of Hormonenow
65.6%
FireWhen
65.5%
Firewake
65.2%
No More Dreamthe
64.3%
N.O.the
64.3%
Fireburn
64.2%
No More Dreamany
64.1%
War of HormoneHello hello
63.8%
War of HormoneYes
63.8%
Dopeyes
63.8%
No More Dreamall
63.5%
Dopeall
63.5%
Fireall
63.5%
We are Bulletproof pt. 2Bang bang
63.4%
Boy In Luvbad bad
62.7%
War of Hormonebad
62.7%
War of Hormonebad
62.7%
Just One Daynight
62.5%
Dopenight
62.5%
Firenight
62.5%
No More Dreamgotta
62.5%
Dopegotta
62.5%
Dopegotta
62.5%
Dopegentlemen
61.5%
Runis
60.9%
I Need UFall
59.1%
We are Bulletproof pt. 2Click click
59.1%
Hint Answer % Correct
War of Hormoneof
59.1%
Dopeof
59.1%
War of Hormonegive
58.8%
Runlie lie
58.7%
War of Hormonebe
58.6%
War of Hormonebe
58.6%
War of Hormonebe
58.6%
Just One DayCan
57.7%
Dopecan
57.7%
Runbye bye
57.2%
I Need Uyou're
56.6%
N.O.roll
56%
We are Bulletproof pt. 2sing
55.7%
Just One Daywith
55.5%
Dopehigher
55.4%
Runcry cry
55%
I Need Uhate
50.7%
We are Bulletproof pt. 2hey
49.9%
FireHey
49.9%
War of Hormonebabe
49.8%
War of Hormoneman
49.7%
No More Dreamliar
49.5%
We are Bulletproof pt. 2Everywhere
49.2%
We are Bulletproof pt. 2but
49%
I Need UBut
49%
No More Dreamsuch
48.6%
We are Bulletproof pt. 2hard
48.1%
We are Bulletproof pt. 2out
47.7%
Dopeget
46.8%
War of HormoneI'll
46.7%
War of HormoneI'll
46.7%
War of HormoneI'll
46.7%
Fireturn
46.1%
I Need Udown & down
46%
War of HormoneImma
45.4%
Dopefeel
44.8%
I Need Uround & round
44.6%
Dopeenemy enemy enemy
44.2%
Dopeenergy energy energy
44.2%
Dopebaby
43.9%
DopeCause
43.6%
War of Hormonefan
43.4%
I Need Ugoes
42.9%
War of Hormonelet
42.7%
Dopelittle
42.1%
No More Dreamwithout
41.8%
Dopebit
41.7%
No More Dreamsee
41.7%
Just One Daythat
41.2%
We are Bulletproof pt. 2shout
40.8%
Dopehope?
40.5%
Just One Daystay
39.5%
No More Dreamyoungsters
38.8%
N.O.money
38.4%
N.O.money
38.4%
Just One Dayplease
38.3%
Just One Dayparty party
38%
N.O.SKY
37.8%
No More Dreamprofile
36.7%
We are Bulletproof pt. 2profile
36.7%
War of Hormonepanic
36.6%
Dangersick
35.4%
We are Bulletproof pt. 2at
33.9%
N.O.good
33.8%
Dopeeveryday
33.7%
Dangerloser
33.4%
We are Bulletproof pt. 2know
33%
N.O.Seoul
32.9%
Dopelife
32.7%
We are Bulletproof pt. 2Look
32.2%
War of HormoneLady
32.2%
War of Hormonefirst
32%
Firelivin
30.9%
Boy In Luvhol'
30.5%
No More DreamStop!
30.4%
War of Hormoneokay
30.3%
Firelong
29.6%
Just One Day24
29.1%
Dopehustle
28.9%
Just One Dayhours
28.8%
We are Bulletproof pt. 2nuthin
28.7%
Just One Dayhoney
28.1%
Boy In Luv'em
26.8%
Just One Daysorry
26.2%
Dopealright
25.5%
We are Bulletproof pt. 2that's
25.4%
Just One Daytime
23.7%
No More Dreamwassup
22.6%
War of Hormonefemale
22.4%
No More Dreamsame
21.9%
Just One DayLet's
21%
Dangerbusiness
20.2%
We are Bulletproof pt. 2possible
17.9%
We are Bulletproof pt. 2impossible
17.8%
We are Bulletproof pt. 2Still
16.6%
DangerDrama
16.3%
War of Hormonebody
16.2%
Dangerstory
16.1%
DangerUnlock
15.5%
Dopewack
15.1%

You're not logged in!

Compare scores with friends on all Sporcle quizzes.
OR
Log In

Sporcle TV

Today on Sporcle TV


Watch our educational content, quiz creation guides, and fun videos on Sporcle TV.

Show Comments

Extras

Created Sep 17, 2017ReportNominate
Tags:Kpop Quiz, BTS, dream, English, fire

Top Quizzes Today


Score Distribution

Your Account Isn't Verified!

In order to create a playlist on Sporcle, you need to verify the email address you used during registration. Go to your Sporcle Settings to finish the process.

Report this User

Report this user for behavior that violates our Community Guidelines.

Details: